000
00212 a2200097 4500
001
31437
100
_a
Rajarman
245
_a
Computer Programming in C
260
_a
New Delhi
_b
PHI
_c
1994
090
_c
21321
_d
21321
942
_a
NUST-CAE
_c
M
_c
12583
999
_c
266510
_d
266510